Interkultúrne aspekty vo vyučovaní predmetu Rokovania na FMV

Oboznámenie odbornej pedagogickej verejnosti s vyučovaním cudzích jazykov na Fakulte medzinárodných vzťahov na EUBA. Výučba odborného francúzkeho jazyka vo vyšších ročníkoch FMV, hlavne predmetu Rokovania.

Uložené v:
Podrobná bibliografia
Hlavný autor: Petríková, Ľubica
Médium: Kapitola
Jazyk:Slovak
Predmet:
Tagy: Pridať tag
Žiadne tagy, Buďte prvý, kto otaguje tento záznam!

MARC

LEADER 00000naa$a2200000$$$4500
001 0060498
005 20240502083143.5
041 0 |a slo 
044 |a CZ 
245 1 0 |a Interkultúrne aspekty vo vyučovaní predmetu Rokovania na FMV  |c Ľubica Petríková 
520 |a Oboznámenie odbornej pedagogickej verejnosti s vyučovaním cudzích jazykov na Fakulte medzinárodných vzťahov na EUBA. Výučba odborného francúzkeho jazyka vo vyšších ročníkoch FMV, hlavne predmetu Rokovania. 
610 2 0 |a jazyky cudzie 
610 2 0 |a komunikácia 
610 2 0 |a vyučovanie 
610 2 0 |a rokovania obchodné 
100 1 |a Petríková, Ľubica